| LEADER | 01994nam a2200337 a 4500 | ||
|---|---|---|---|
| 001 | GR-Patra8254 | ||
| 008 | 991022s1988 gr 000 0 gre d | ||
| 040 | |a GrPaTEI |b gre |c GR-PaULI | ||
| 245 | 0 | 0 | |a Πωγώνι-Δερόπολη : |b ήθη-έθιμα-τραγούδια. |
| 250 | |a 2η εκδ. | ||
| 260 | |a Αθήνα : |b Δωδώνη, |c 1988 | ||
| 300 | |a 336σ. : |b εικ. | ||
| 650 | 4 | |a ΔΕΡΟΠΟΛΗ | |
| 650 | 4 | |a ΕΘΙΜΑ | |
| 650 | 4 | |a Ελλάδα | |
| 650 | 4 | |a ΗΠΕΙΡΟΣ | |
| 650 | 4 | |a ΛΑΟΓΡΑΦΙΑ | |
| 650 | 4 | |a ΠΩΓΩΝΙ | |
| 650 | 4 | |a ΤΡΑΓΟΥΔΙΑ | |
| 653 | |a ΛΑΟΓΡΑΦΙΑ - ΕΛΛΗΝΙΚΗ | ||
| 700 | 1 | |a Ματσιάς, Χρήστος Μ., |c πρεσβύτερος | |
| 710 | 0 | |a Δωδώνη | |
| 942 | |2 ddc | ||
| 952 | |0 0 |1 0 |2 ddc |4 0 |6 398_094953000000000 |7 0 |9 289352 |a LISK |b LISK |c BSC |d 2021-01-17 |e 24 |f 0 |g 0.00 |l 0 |o 398.094953 |p 9241005609 |r 2021-01-17 00:00:00 |t 1 |w 2021-01-17 |y BK15 |x 19991024 0 1 |x GrPaTEI | ||
| 952 | |0 0 |1 0 |2 ddc |4 0 |6 398_094953000000000 |7 0 |9 289353 |a LISK |b LISK |c BSC |d 2021-01-17 |e 24 |f 0 |g 0.00 |l 0 |o 398.094953 |p 9241005611 |r 2021-01-17 00:00:00 |t 1 |w 2021-01-17 |y BK15 |x 19991024 0 1 |x GrPaTEI | ||
| 952 | |0 0 |1 0 |2 ddc |4 0 |6 398_094953000000000 |7 0 |9 289354 |a LISK |b LISK |c BSC |d 2021-01-17 |e 24 |f 0 |g 0.00 |l 0 |o 398.094953 |p 9241005612 |r 2021-01-17 00:00:00 |t 1 |w 2021-01-17 |y BK15 |x 19991024 0 1 |x GrPaTEI | ||
| 952 | |0 0 |1 0 |2 ddc |4 0 |6 398_094953000000000 |7 0 |9 289355 |a LISK |b LISK |c ALF |d 2021-01-17 |e 24 |f 0 |g 0.00 |l 0 |o 398.094953 |p 9241005607 |r 2021-01-17 00:00:00 |t 1 |w 2021-01-17 |y BK15 |x 19991024 0 1 |x GrPaTEI | ||
| 952 | |0 0 |1 0 |2 ddc |4 0 |6 398_094953000000000 |7 0 |9 289356 |a LISK |b LISK |c ALF |d 2021-01-17 |e 24 |f 0 |g 0.00 |l 0 |o 398.094953 |p 9241005608 |r 2021-01-17 00:00:00 |t 1 |w 2021-01-17 |y BK15 |x 19991024 0 1 |x GrPaTEI | ||
| 952 | |0 0 |1 0 |2 ddc |4 0 |6 398_094953000000000 |7 0 |9 289357 |a LISK |b LISK |c ALF |d 2021-01-17 |e 24 |f 0 |g 0.00 |l 0 |o 398.094953 |p 9241005610 |r 2021-01-17 00:00:00 |t 1 |w 2021-01-17 |y BK15 |x 19991024 0 1 |x GrPaTEI | ||
| 971 | |a .b26557691 |b 16-04-20 |c 23-09-16 | ||
| 999 | |c 168862 |d 168862 | ||